[Event "IEWCC"]
[Site "Istanbul TUR"]
[Date "2003.06.05"]
[Round "4"]
[White "Djingarova,E"]
[Black "Johansson,V"]
[Result "1-0"]
[WhiteElo "2310"]
[BlackElo "2175"]
[EventDate "2003.06.02"]

1. e4 c5 2. Nf3 g6 3. d4 Bg7 4. d5 d6 5. h3 Nf6 6. Nc3 O-O 7. Bd3 e6 8. O-O
exd5 9. exd5 a6 10. a4 Nbd7 11. Re1 b6 12. Bf4 Ne8 13. Nd2 Ne5 14. Nc4 Nxc4
15. Bxc4 Bf5 16. Qe2 Qc8 17. Rab1 Bd4 18. Ne4 Bxe4 19. Qxe4 Nf6 20. Qf3 Ne8
21. c3 Bg7 22. Qd3 Qd7 23. Ra1 Nc7 24. Qg3 Rfd8 25. Red1 b5 26. axb5 axb5
27. Rxa8 Nxa8 28. Be2 Nb6 29. b3 Re8 30. Bf1 Be5 31. h4 Qf5 32. Bxe5 Rxe5
33. Bxb5 Nxd5 34. Bc6 Nf4 35. Bf3 d5 36. Qg4 Qf6 37. g3 Ne6 38. Bxd5 Rf5
39. Qe2 Nc7 40. Be4 Re5 41. Qd3 Kg7 42. Bg2 Qe6 43. b4 c4 44. Qd2 Nb5 45.
Bd5 Qg4 46. Re1 Rxe1+ 47. Qxe1 Nd6 48. Qe5+ 1-0

[Event "IEWCC"]
[Site "Istanbul TUR"]
[Date "2003.06.05"]
[Round "4"]
[White "Keskin,S"]
[Black "Mamedjarova,Z"]
[Result "0-1"]
[WhiteElo "2023"]
[BlackElo "2298"]
[EventDate "2003.06.02"]

1. d4 d5 2. c4 e6 3. Nc3 c5 4. e3 Nf6 5. Nf3 Nc6 6. a3 cxd4 7. exd4 Be7 8.
Be2 O-O 9. O-O b6 10. b4 dxc4 11. Bxc4 Bb7 12. Bb2 Rc8 13. Bb3 Rc7 14. Qd3
Rd7 15. Rfd1 Qa8 16. Ne2 Nd5 17. Bc2 g6 18. h4 Bf6 19. Qd2 Rfd8 20. h5 Qb8
21. hxg6 hxg6 22. Qh6 Bg7 23. Qh4 Qd6 24. Ng5 Nce7 25. Ne4 Qc6 26. Rac1 Nf5
27. Qh3 Rc7 28. g4 Nd6 29. Bd3 Qd7 30. Rxc7 Qxc7 31. Nxd6 Qxd6 32. Bb1 Bf6
33. Bc1 Qc6 34. Ng3 Nc3 35. Re1 Nxb1 36. Ne4 Bg7 37. Bg5 Rxd4 38. f3 Rxe4
39. fxe4 Bd4+ 40. Kh1 Qc2 41. Qh2 Bxe4+ 42. Rxe4 Qxe4+ 43. Qg2 Qxg2+ 44.
Kxg2 Nxa3 0-1

[Event "IEWCC"]
[Site "Istanbul TUR"]
[Date "2003.06.05"]
[Round "4"]
[White "Medic,Mir"]
[Black "Lauterbach,I"]
[Result "1-0"]
[WhiteElo "2290"]
[BlackElo "2144"]
[EventDate "2003.06.02"]

1. d4 d6 2. Nf3 Nf6 3. g3 Nbd7 4. Bg2 e5 5. c4 c6 6. Nc3 Be7 7. e4 O-O 8.
O-O Qc7 9. h3 Re8 10. Be3 a6 11. Rc1 Qb8 12. Nd2 b5 13. Qc2 Bb7 14. d5 Rc8
15. dxc6 Bxc6 16. b3 bxc4 17. bxc4 Nc5 18. Bxc5 dxc5 19. Nd5 Bd8 20. Rb1
Qa7 21. Qc3 Nd7 22. Nf3 f6 23. Nd2 Nf8 24. Kh2 Rab8 25. Bf3 Rxb1 26. Rxb1
Rb8 27. Rxb8 Qxb8 28. Qa3 Bxd5 29. cxd5 Qb4 30. Qxb4 cxb4 31. Be2 a5 32.
Bb5 Kf7 33. Nc4 Ke7 34. Kg2 Bc7 35. Kf3 Nd7 36. Ke3 Nc5 37. d6+ Bxd6 38.
Nxa5 Ke6 39. Bc6 Bc7 40. Bd5+ Kd7 41. Nc4 Ne6 42. Bxe6+ Kxe6 43. Kd3 g6 44.
f3 h5 45. Kc2 Bd6 46. Kb3 Bc5 47. Ka4 Bf2 48. g4 hxg4 49. hxg4 Be1 50. Ne3
Bd2 51. Nd5 f5 52. gxf5+ gxf5 53. Nxb4 Kf6 54. Nd5+ Kg5 55. Kb5 Kh4 56.
exf5 Kg3 57. f6 Kxf3 58. f7 Bh6 59. a4 Ke4 60. Kc6 Kf5 1-0

[Event "IEWCC"]
[Site "Istanbul TUR"]
[Date "2003.06.05"]
[Round "4"]
[White "Fakhiridou,E"]
[Black "Yildiz,B"]
[Result "1/2-1/2"]
[WhiteElo "2276"]
[BlackElo "2119"]
[EventDate "2003.06.02"]

1. e4 d5 2. exd5 Qxd5 3. Nc3 Qa5 4. d4 c6 5. Nf3 Nf6 6. Bc4 Bf5 7. Bd2 e6
8. Qe2 Bb4 9. Ne5 Nbd7 10. Nxd7 Kxd7 11. a3 Rad8 12. O-O Bxc3 13. Bxc3 Qc7
14. Rad1 Kc8 15. Bd3 Bg6 16. g3 Rd7 17. b4 Rhd8 18. Bb2 Nd5 19. c4 Ne7 20.
Be4 Bxe4 21. Qxe4 g6 22. f4 Nf5 23. Rf2 Qb6 24. Rfd2 Nd6 25. Qc2 Nf5 26.
Qc3 Kb8 27. a4 Qc7 28. Qb3 Ka8 29. Rd3 h5 30. a5 Nd6 31. d5 exd5 32. cxd5
c5 33. bxc5 Qxc5+ 34. Bd4 Qb5 35. Qxb5 Nxb5 36. Bf6 Rc8 37. d6 a6 38. Be7
b6 39. axb6 Kb7 40. Kg2 Kxb6 41. Kf3 Rc5 42. Re1 Rc6 43. Red1 Rc5 44. Re1
Rc6 45. Red1 Rc5 1/2-1/2

[Event "IEWCC"]
[Site "Istanbul TUR"]
[Date "2003.06.05"]
[Round "4"]
[White "Hagesaether,E"]
[Black "Genova,R"]
[Result "1-0"]
[WhiteElo "2166"]
[BlackElo "2239"]
[EventDate "2003.06.02"]

1. Nf3 c5 2. g3 Nc6 3. Bg2 g6 4. O-O Bg7 5. e4 d6 6. c3 e5 7. d3 Nge7 8. a3
O-O 9. b4 h6 10. Nbd2 Be6 11. Bb2 b5 12. Nb3 Qb6 13. Re1 a5 14. bxa5 Nxa5
15. Nxa5 Qxa5 16. d4 exd4 17. cxd4 Bg4 18. Qd3 Bxf3 19. Bxf3 Rac8 20. e5
dxe5 21. dxe5 Rfd8 22. Qe4 Nd5 23. Qc2 c4 24. e6 c3 25. exf7+ Kxf7 26. Bc1
Qa4 27. Qe2 Qa6 28. a4 c2 29. axb5 Qxa1 30. Bxd5+ Rxd5 31. Qe6+ 1-0

[Event "IEWCC"]
[Site "Istanbul TUR"]
[Date "2003.06.05"]
[Round "4"]
[White "Llaneza Vega,P"]
[Black "Kopinits,A"]
[Result "1-0"]
[WhiteElo "2294"]
[BlackElo "2127"]
[EventDate "2003.06.02"]

1. e4 c5 2. Nf3 Nc6 3. d4 cxd4 4. Nxd4 Nf6 5. Nc3 e5 6. Ndb5 d6 7. Bg5 a6
8. Na3 b5 9. Bxf6 gxf6 10. Nd5 Bg7 11. Bd3 Ne7 12. Nxe7 Qxe7 13. c4 f5 14.
O-O Bb7 15. cxb5 fxe4 16. bxa6 exd3 17. axb7 Qxb7 18. Nc4 O-O 19. Nxd6 Qd5
20. Nf5 Kh8 21. Qg4 Bf6 22. Ne3 Qe6 23. Qe4 Rad8 24. Rfd1 Rd4 25. Qf5 Qxf5
26. Nxf5 Rd7 27. a4 e4 28. Rab1 Ra8 29. b3 d2 30. Kf1 Bc3 31. Ke2 Rb8 32.
Ne3 Kg7 33. Nc4 Rbd8 34. Na3 f5 35. g3 Re8 36. Nc2 Ra8 37. Ne3 Kg6 38. Nc4
Rad8 39. a5 Rd3 40. b4 Kg5 41. h4+ Kf6 42. a6 R3d4 43. Na5 Ra8 44. Nc6 Rc4
45. b5 Rxc6 46. bxc6 Rxa6 47. c7 Rc6 48. Rb6 1-0

[Event "IEWCC"]
[Site "Istanbul TUR"]
[Date "2003.06.05"]
[Round "4"]
[White "Papadopoulou,V"]
[Black "Nagel,Y"]
[Result "1-0"]
[WhiteElo "2230"]
[BlackElo "2068"]
[EventDate "2003.06.02"]

1. d4 Nf6 2. Nf3 b6 3. g3 Bb7 4. Bg2 e6 5. c4 Bb4+ 6. Bd2 Be7 7. Nc3 O-O 8.
O-O c5 9. Rc1 cxd4 10. Nxd4 Bxg2 11. Kxg2 Nc6 12. Nf3 Rc8 13. e4 d5 14.
cxd5 exd5 15. e5 Ne4 16. Be3 Nxc3 17. Rxc3 Qd7 18. a3 Na5 19. Rd3 Rfd8 20.
Bd4 Nc4 21. Re1 Qe6 22. Bc3 Rd7 23. Nd4 Qg6 24. f4 Bc5 25. f5 Qh6 26. Nc2
d4 27. b4 Bf8 28. Nxd4 Rcd8 29. Qf3 Rd5 30. Qf4 Qxf4 31. gxf4 Nxa3 32. Rg3
Rxd4 33. Bxd4 Nc2 34. Bf2 Nxe1+ 35. Bxe1 Rd4 36. Ra3 a5 37. Kf3 Bxb4 38.
Bxb4 Rxb4 39. Kg4 b5 40. Rxa5 Kf8 41. Ra8+ Ke7 42. Ra7+ Kf8 43. Rb7 Rb1 44.
h4 b4 45. f6 gxf6 46. exf6 Ke8 47. Kg5 b3 48. Kh6 b2 49. h5 Rf1 50. Rxb2
Rxf4 51. Rb8+ Kd7 52. Kg7 Ke6 53. Rb6+ Kf5 54. Kxf7 Rh4 55. Kg7 1-0

[Event "IEWCC"]
[Site "Istanbul TUR"]
[Date "2003.06.05"]
[Round "4"]
[White "Kharashkina,B"]
[Black "Sasu Ducsoara,An"]
[Result "1/2-1/2"]
[WhiteElo "2182"]
[BlackElo "2193"]
[EventDate "2003.06.02"]

1. e4 c5 2. Nc3 Nc6 3. g3 g6 4. d3 Bg7 5. Be3 d6 6. Qd2 Rb8 7. Bg2 b5 8.
Nge2 Nd4 9. O-O e6 10. Nd1 b4 11. f4 Ne7 12. g4 f5 13. gxf5 exf5 14. Ng3
O-O 15. c3 bxc3 16. bxc3 Ndc6 17. exf5 Bxf5 18. Nxf5 gxf5 19. Nf2 Qa5 20.
Rac1 d5 21. c4 Qxd2 22. Bxd2 Rb2 23. Bc3 Bxc3 24. Rxc3 Nd4 25. Ra3 dxc4 26.
dxc4 Ne2+ 27. Kh1 Nxf4 28. Rxa7 Neg6 29. Bd5+ Nxd5 30. cxd5 Rd2 31. Nh3 Re8
32. Ng5 Ree2 33. Rxh7 Rxd5 34. Rh6 Kg7 35. Rxg6+ Kxg6 36. Nh3 Rd4 37. Nf4+
Rxf4 38. Rxf4 Rxa2 39. Rc4 Kg5 40. Rxc5 Kg4 41. Kg1 f4 42. Rc3 f3 43. Rc8
Rg2+ 44. Kf1 1/2-1/2

[Event "IEWCC"]
[Site "Istanbul TUR"]
[Date "2003.06.05"]
[Round "4"]
[White "Andersson,C"]
[Black "Gerasimovitch,O"]
[Result "1-0"]
[WhiteElo "2142"]
[BlackElo "2200"]
[EventDate "2003.06.02"]

1. e4 d5 2. exd5 Qxd5 3. Nc3 Qa5 4. d4 Nf6 5. Bc4 c6 6. Nge2 Bg4 7. f3 Bf5
8. Ng3 Bg6 9. O-O e6 10. Nce4 Nbd7 11. c3 Qc7 12. Qe2 O-O-O 13. b4 Nd5 14.
Qd2 h6 15. a4 f5 16. Bxd5 cxd5 17. Nc5 Bf7 18. Ba3 Nb6 19. a5 Nc4 20. Qe2
Re8 21. f4 Bd6 22. Bc1 g5 23. Nd3 h5 24. Ne5 h4 25. Nh1 Bh5 26. Qf2 gxf4
27. Bxf4 Bxe5 28. dxe5 Kb8 29. Rfb1 Reg8 30. b5 Qe7 31. Ra4 Rg4 32. Qd4
Rhg8 33. g3 hxg3 34. hxg3 Qh4 35. Rxc4 dxc4 36. a6 Qd8 37. Qxc4 Qb6+ 38.
Kg2 Rd8 39. Nf2 Rg7 40. Rh1 Bg4 41. Rh6 Re8 42. Nd3 Rc7 43. Qb4 Be2 44. Qd6
Bxd3 45. Qxd3 Qc5 46. Qd6 Qc4 47. Rh7 Qe2+ 48. Kg1 Qe1+ 49. Kg2 Qxc3 50.
Be3 Rec8 51. axb7 Kxb7 52. Qa6+ Ka8 53. Bxa7 Qd2+ 54. Bf2+ Kb8 55. Qb6+ Ka8
56. Qxe6 Qg5 57. b6 Rc6 58. b7+ Kb8 59. bxc8=Q+ Rxc8 60. Qb3+ 1-0

[Event "IEWCC"]
[Site "Istanbul TUR"]
[Date "2003.06.05"]
[Round "4"]
[White "Jiretorn,E"]
[Black "Cinar,N"]
[Result "1-0"]
[WhiteElo "2106"]
[BlackElo "2090"]
[EventDate "2003.06.02"]

1. d4 Nf6 2. c4 c5 3. d5 b5 4. cxb5 a6 5. bxa6 g6 6. Nc3 Bxa6 7. f4 Qa5 8.
Nf3 d6 9. Qc2 Nxd5 10. Bd2 Nb4 11. Qe4 Bc8 12. Nd5 Bf5 13. Qc4 N8c6 14. Ng5
e6 15. Nxb4 Nxb4 16. e4 h6 17. exf5 hxg5 18. fxe6 fxe6 19. Qxe6+ Be7 20.
Qxg6+ Kd7 21. Be2 gxf4 22. O-O Qb6 23. Bxf4 Rag8 24. Bg4+ Kd8 25. Qe6 c4+
26. Kh1 Qc6 27. Bf3 Qc8 28. Rae1 Qc7 29. Rc1 Nd3 30. Rxc4 Nxf4 31. Rxf4 Re8
32. Qd5 Qa7 33. h3 Qa6 34. Rc1 Rhg8 35. Rg4 Rgf8 36. Rgc4 Rf6 37. Bg4 1-0

[Event "IEWCC"]
[Site "Istanbul TUR"]
[Date "2003.06.07"]
[Round "5"]
[White "Arakhamia,K"]
[Black "Peptan,C"]
[Result "0-1"]
[WhiteElo "2413"]
[BlackElo "2471"]
[EventDate "2003.06.02"]

1. e4 c5 2. Nf3 d6 3. d4 cxd4 4. Nxd4 Nf6 5. Nc3 Nc6 6. Bg5 e6 7. Qd2 a6 8.
O-O-O Bd7 9. f4 b5 10. Bxf6 gxf6 11. Nxc6 Bxc6 12. Qe1 Be7 13. Bd3 Qb6 14.
Kb1 b4 15. Ne2 a5 16. f5 e5 17. Ng3 Qc5 18. b3 h5 19. Bc4 Bd8 20. h4 a4 21.
Qe2 Ke7 22. Nxh5 axb3 23. Bxb3 Bb6 24. g4 Bb5 25. Qd2 Rag8 26. Nxf6 Kxf6
27. Qxd6+ Kg7 28. Qxc5 Bxc5 29. Rd5 Rc8 30. Rxe5 f6 31. Re6 Bd7 32. Ra6 Bc6
33. Bd5 Bxd5 34. exd5 Rcd8 35. Rc6 Bd6 36. c4 bxc3 37. Rxc3 Be5 38. Rd3
Rb8+ 39. Rb3 Rxb3+ 40. axb3 Bg3 41. h5 Kh6 42. Rg1 Be5 43. Kc2 Rd8 44. b4
Rxd5 45. Kb3 Rd4 46. b5 Bd6 47. Kc3 Bc5 48. Rb1 Rxg4 49. b6 Bd6 50. b7 Be5+
51. Kd3 Rg8 52. Ke4 Rd8 53. Rb4 Kxh5 54. Rc4 Kg5 55. Rb4 Rb8 56. Rb1 Kg4
57. Rb6 Rd8 58. Rb4 Bb8 59. Rb6 Re8+ 60. Re6 Rf8 61. Re7 Rd8 62. Rg7+ Kh4
63. Rg1 Be5 64. Rg7 Rd4+ 65. Ke3 Rb4 66. Kd3 Kh5 67. Ke3 Kh6 68. Rd7 Kg5
69. Kd3 Kxf5 0-1

[Event "IEWCC"]
[Site "Istanbul TUR"]
[Date "2003.06.07"]
[Round "5"]
[White "Polovnikova,E"]
[Black "Khurtsidze,N"]
[Result "1/2-1/2"]
[WhiteElo "2383"]
[BlackElo "2427"]
[EventDate "2003.06.02"]

1. e4 c6 2. d4 d5 3. e5 Bf5 4. Nd2 e6 5. Nb3 Nd7 6. Nf3 a6 7. Be2 c5 8. O-O
Ne7 9. c3 c4 10. Nbd2 Nc6 11. Ne1 g5 12. g4 Bg6 13. Ng2 Bg7 14. h4 h6 15.
f4 gxf4 16. b3 b5 17. a4 b4 18. Bb2 bxc3 19. Bxc3 Qb6 20. Kh1 Nxd4 21. Nxf4
Bc2 22. Bxd4 Bxd1 23. Bxb6 Bxe2 24. Nxe2 Nxb6 25. a5 Nd7 26. bxc4 Nxe5 27.
cxd5 Nxg4 28. Ra4 Ne3 29. Rg1 Nf5 30. Ng3 Bd4 31. Rg2 Nxg3+ 32. Rxg3 Bf6
33. Rf3 Bd8 34. dxe6 fxe6 35. Re4 Bxa5 36. Nc4 Bc7 37. Rxe6+ Kd7 38. Rg6
Raf8 39. Rxf8 Rxf8 40. Rxa6 Rf4 41. Ne3 Rxh4+ 42. Kg2 Rh2+ 43. Kf3 h5 44.
Nf5 Rh1 45. Kg2 Rh2+ 1/2-1/2

[Event "IEWCC"]
[Site "Istanbul TUR"]
[Date "2003.06.07"]
[Round "5"]
[White "Klinova,M"]
[Black "Gaponenko,I"]
[Result "1/2-1/2"]
[WhiteElo "2368"]
[BlackElo "2417"]
[EventDate "2003.06.02"]

1. e4 c5 2. Nf3 e6 3. c4 Nc6 4. Nc3 e5 5. a3 d6 6. Rb1 a5 7. Bd3 g5 8. h3
h5 9. Nd5 Bh6 10. Be2 g4 11. hxg4 hxg4 12. Nh2 f5 13. exf5 Bxf5 14. d3 Bxc1
15. Rxc1 Nf6 16. Ne3 Be6 17. Kd2 Nd4 18. Bxg4 Nxg4 19. Nhxg4 Bxg4 20. Nxg4
Rxh1 21. Qxh1 Nb3+ 22. Kc2 Nxc1 1/2-1/2

[Event "IEWCC"]
[Site "Istanbul TUR"]
[Date "2003.06.07"]
[Round "5"]
[White "Mkrtchian,L"]
[Black "Zimina,O"]
[Result "0-1"]
[WhiteElo "2416"]
[BlackElo "2358"]
[EventDate "2003.06.02"]

1. e4 c6 2. d4 d5 3. f3 e6 4. Nc3 Bb4 5. Bf4 Ne7 6. Qd2 Ng6 7. Bg3 dxe4 8.
fxe4 e5 9. dxe5 Qa5 10. Nf3 O-O 11. Rd1 Bg4 12. a3 Be7 13. Be2 Nd7 14. O-O
Rad8 15. Qc1 Bxf3 16. Rxf3 Ndxe5 17. Rf5 Bxa3 18. bxa3 Qxc3 19. Kh1 f6 20.
Rff1 Rd4 21. Be1 Rxd1 22. Bxc3 Rxc1 23. Rxc1 Nf4 24. Bf1 Rd8 25. Bxe5 fxe5
26. Bc4+ Kf8 27. g3 Rd4 28. Bf1 Ne6 29. Bd3 Ke7 30. Rf1 g6 31. Rb1 Nc5 32.
Kg2 b6 33. Rd1 Ra4 34. Ra1 b5 0-1

[Event "IEWCC"]
[Site "Istanbul TUR"]
[Date "2003.06.07"]
[Round "5"]
[White "Slavina,I"]
[Black "Matveeva,S"]
[Result "0-1"]
[WhiteElo "2381"]
[BlackElo "2474"]
[EventDate "2003.06.02"]

1. e4 e6 2. d4 d5 3. Nc3 Bb4 4. Nge2 dxe4 5. a3 Be7 6. g4 Bd7 7. Bg2 Bc6 8.
Ng3 e3 9. Bxc6+ Nxc6 10. Bxe3 Nf6 11. h3 Qd7 12. Qd3 O-O-O 13. O-O-O h5 14.
g5 Nd5 15. Nge4 g6 16. Kb1 a6 17. Ne2 b5 18. Nc1 Na5 19. Nb3 Nc4 20. Nbc5
Qc6 21. Bc1 Nd6 22. b3 Nxe4 23. Nxe4 Rhf8 24. Rhg1 Kb7 25. h4 Nb6 26. Qe2
Rd5 27. Bb2 Rfd8 28. Rc1 Rf5 29. f3 Ka8 30. Ka1 Rb8 31. Nd2 Qb7 32. Qe4 Bd6
33. c4 bxc4 34. Nxc4 Nxc4 35. Rxc4 Rf4 36. Qxb7+ Rxb7 37. d5 Rxf3 38. b4
exd5 39. Rc6 a5 40. bxa5 Rfb3 41. a6 Rb8 42. a7 R8b7 43. Bc1 Rb1+ 44. Ka2
Be5 45. Rg2 Ra1+ 0-1

[Event "IEWCC"]
[Site "Istanbul TUR"]
[Date "2003.06.07"]
[Round "5"]
[White "Dzagnidze,N"]
[Black "Zhukova,N"]
[Result "1-0"]
[WhiteElo "2376"]
[BlackElo "2448"]
[EventDate "2003.06.02"]

1. Nf3 c5 2. g3 d5 3. Bg2 Nc6 4. O-O e5 5. d3 f6 6. Nbd2 Be6 7. e4 Nge7 8.
a4 Qd7 9. exd5 Nxd5 10. Re1 Be7 11. Ne4 O-O 12. Be3 b6 13. Nc3 Nxe3 14.
fxe3 Rac8 15. Nd2 Nb4 16. Nc4 Rfd8 17. Qe2 Bf8 18. Rf1 Rb8 19. Kh1 a6 20.
a5 b5 21. Nb6 Qf7 22. b3 Bd6 23. Ne4 Qc7 24. c4 Bf8 25. Nc3 Rxd3 26. Nbd5
Qd8 27. Be4 Bxd5 28. Nxd5 Rxd5 29. Bxd5+ Kh8 30. Be4 g6 31. g4 Bh6 32. Qf3
Kg7 33. Rad1 Qe7 34. Rd2 Rd8 35. Rfd1 Rxd2 36. Rxd2 Bg5 37. Qg3 bxc4 38.
bxc4 Qf7 39. Bd5 Qc7 40. h4 Bxh4 41. Qxh4 Qxa5 42. Be4 Qa4 43. Qf2 1-0

[Event "IEWCC"]
[Site "Istanbul TUR"]
[Date "2003.06.07"]
[Round "5"]
[White "Ionescu Brandis,I"]
[Black "Alexandrova,O"]
[Result "1-0"]
[WhiteElo "2366"]
[BlackElo "2445"]
[EventDate "2003.06.02"]

1. e4 c5 2. Nf3 e6 3. d3 d5 4. Nbd2 Nc6 5. g3 g6 6. Bg2 Bg7 7. O-O Nge7 8.
Re1 b6 9. exd5 exd5 10. d4 O-O 11. dxc5 bxc5 12. Nb3 Qb6 13. c3 Bg4 14. Bg5
Rfe8 15. Qd2 Rad8 16. Rad1 d4 17. Bxe7 Rxe7 18. Rxe7 Nxe7 19. Qg5 Bxf3 20.
Bxf3 Nf5 21. c4 Bh6 22. Qg4 a5 23. Be4 Nd6 24. Bd5 Kg7 25. Qe2 Re8 26. Qc2
Rb8 27. Qe2 Re8 28. Qc2 Qb4 29. a3 Qb6 30. Nc1 Bxc1 31. Rxc1 Rb8 32. Rb1
Qb3 33. Qd2 Qa2 34. Re1 Qxb2 35. Qf4 Qb6 36. Re7 Rf8 37. Qe5+ Kg8 38. Rd7
Nf5 39. g4 Ng7 40. Rb7 Qd8 41. Bxf7+ Rxf7 42. Rb8 Rf8 43. Rxd8 Rxd8 44. Qc7
Re8 45. Qxc5 Ne6 46. Qxa5 Kf7 47. f4 Rc8 48. Qa6 Rc7 49. f5 Ng5 50. Qd6 Re7
51. fxg6+ hxg6 52. Qf4+ Kg7 53. Qxg5 Rd7 54. Qe5+ Kh7 55. Qe6 1-0

[Event "IEWCC"]
[Site "Istanbul TUR"]
[Date "2003.06.07"]
[Round "5"]
[White "Motoc,A"]
[Black "Sedina,E"]
[Result "1-0"]
[WhiteElo "2358"]
[BlackElo "2434"]
[EventDate "2003.06.02"]

1. d4 d5 2. c4 c6 3. Nf3 Nf6 4. Nc3 a6 5. c5 Nbd7 6. Bf4 Nh5 7. e3 g6 8.
Bd3 Bg7 9. O-O O-O 10. Bg5 Re8 11. e4 dxe4 12. Bxe4 Qc7 13. d5 Nxc5 14. Re1
Nf6 15. Bxf6 Bxf6 16. Rc1 Bg4 17. dxc6 bxc6 18. b4 Bxc3 19. Rxc3 Nxe4 20.
Rxe4 Bxf3 21. Qxf3 a5 22. g3 axb4 23. Rxb4 Rxa2 24. Rxc6 Qe5 25. Qe4 Qg5
26. Rd4 Ra1+ 27. Kg2 Qb5 28. Rdc4 e5 29. R6c5 Qb8 30. h4 h5 31. Rb4 Qd6 32.
Rc6 Qd1 33. Kh3 Qf1+ 34. Qg2 Qd3 35. Qe4 Qd7+ 36. Kg2 Qd1 37. Kh3 Kg7 38.
Rb7 Qf1+ 39. Qg2 Qd3 40. Rcc7 Rf8 41. Kh2 Ra2 42. Re7 Qf5 43. Kg1 Ra1+ 44.
Kh2 Re1 45. f4 exf4 46. Rxe1 fxg3+ 47. Qxg3 Qc2+ 48. Qg2 Qc4 49. Qe4 Qa2+
50. Re2 Qa6 51. Qe5+ Kh7 52. Re7 Qc4 53. Qf6 Qd5 54. Rg2 Qc4 55. Qxg6+ 1-0

[Event "IEWCC"]
[Site "Istanbul TUR"]
[Date "2003.06.07"]
[Round "5"]
[White "Petrenko,S"]
[Black "Zielinska,Mar"]
[Result "1/2-1/2"]
[WhiteElo "2348"]
[BlackElo "2430"]
[EventDate "2003.06.02"]

1. e4 d6 2. d4 Nf6 3. Nc3 Nc6 4. d5 Nb8 5. Nf3 Bg4 6. h3 Bxf3 7. Qxf3 c6 8.
dxc6 bxc6 9. Bc4 Nbd7 10. Qe2 g6 11. O-O Bg7 12. Be3 O-O 13. Rad1 Qa5 14.
Bb3 Nc5 15. Bd4 e5 16. Bxc5 Qxc5 17. Rd3 Rad8 18. Rfd1 Rfe8 19. Rf3 Re7 20.
a3 Qa5 21. Qc4 Rc7 22. Qe2 Nh5 23. g3 Bf8 24. Qd2 Re8 25. Kg2 Ng7 26. Bc4
Ne6 27. b4 Qb6 28. Ne2 Rd7 29. c3 a5 30. Qa2 axb4 31. cxb4 Ng5 32. Re3 Kg7
33. h4 Ne6 34. Rf3 Ra7 35. Nc1 Qb7 36. Nd3 Re7 37. a4 Nd4 38. Re3 f5 39. f3
Rc7 40. a5 Be7 41. Ree1 Bf6 42. Rb1 Nb5 43. Rec1 Ra8 44. Kf2 Nd4 1/2-1/2

[Event "IEWCC"]
[Site "Istanbul TUR"]
[Date "2003.06.07"]
[Round "5"]
[White "Bojkovic,N"]
[Black "Calotescu,C"]
[Result "1-0"]
[WhiteElo "2416"]
[BlackElo "2334"]
[EventDate "2003.06.02"]

1. c4 g6 2. g3 Bg7 3. Bg2 e5 4. Nc3 Nf6 5. Nf3 d6 6. d4 exd4 7. Nxd4 O-O 8.
O-O Nbd7 9. b3 a6 10. Bb2 Rb8 11. Qd2 Ne8 12. Rad1 c5 13. Nc2 b5 14. Ne3
Bb7 15. Bxb7 Rxb7 16. Ncd5 Bxb2 17. Qxb2 f5 18. Nf4 Nb6 19. Qd2 Qf6 20.
Ned5 Nxd5 21. Qxd5+ Rff7 22. Qc6 Kf8 23. Qxa6 Ra7 24. Qc8 g5 25. Nd5 Qe5
26. cxb5 Kg7 27. b6 Rad7 28. a4 f4 29. Qc6 fxg3 30. hxg3 h5 31. Nc7 Nxc7
32. bxc7 Rxc7 33. Qxd6 Qxe2 34. Rd5 Qe7 35. Qxe7 Rfxe7 36. Rc1 c4 37. Rxc4
Rxc4 38. bxc4 Kf6 39. a5 Rc7 40. a6 Rxc4 41. Ra5 Rc8 42. a7 Ra8 43. Kf1 Kg6
44. Ke2 Kf6 45. Ke3 Kg6 46. Ke4 Kf6 47. Ra6+ Kg7 48. Kf5 h4 49. gxh4 gxh4
50. Kg4 Kh7 51. Kxh4 Kg7 52. Kg5 Kf7 53. f4 Kg7 54. Kf5 Kf7 55. Ke5 Ke7 56.
Kd5 Kd7 57. Kc5 Kc7 58. Kb5 Kb7 59. f5 Kc7 60. f6 Kb7 61. f7 1-0

[Event "IEWCC"]
[Site "Istanbul TUR"]
[Date "2003.06.07"]
[Round "5"]
[White "Vasilevich,T"]
[Black "Krivec,J"]
[Result "1-0"]
[WhiteElo "2410"]
[BlackElo "2256"]
[EventDate "2003.06.02"]

1. d4 d5 2. c4 dxc4 3. Nf3 Nf6 4. e3 e6 5. Bxc4 a6 6. O-O c5 7. Bb3 Nc6 8.
Nc3 Be7 9. dxc5 Qxd1 10. Rxd1 Bxc5 11. Bd2 O-O 12. Rac1 Na5 13. Na4 Nxb3
14. axb3 Ba7 15. Bb4 Re8 16. Ne5 b5 17. Nc5 Bxc5 18. Rxc5 Nd5 19. Ba5 f6
20. Nd3 Bb7 21. Rcc1 f5 22. Nc5 Bc8 23. Rc2 Rb8 24. b4 Ra8 25. Rd3 g5 26.
f3 f4 27. exf4 gxf4 28. Ne4 Rf8 29. Rc6 Bd7 30. Rd6 Bc8 31. Nc5 Kf7 32. Rc6
Rg8 33. Kf2 Ke7 34. Rd4 Rg5 35. g3 fxg3+ 36. hxg3 h5 37. Bc7 Bd7 38. Bd6+
Ke8 39. Rxa6 Rxa6 40. Nxa6 Bc6 41. Nc5 Kf7 42. Ne4 Rf5 43. f4 Kg6 44. Bc5
h4 45. g4 Rf8 46. Ng5 Re8 47. Nxe6 Nf6 1-0

[Event "IEWCC"]
[Site "Istanbul TUR"]
[Date "2003.06.07"]
[Round "5"]
[White "Foisor,C"]
[Black "Richards,H"]
[Result "0-1"]
[WhiteElo "2395"]
[BlackElo "2237"]
[EventDate "2003.06.02"]

1. g3 c5 2. Bg2 g6 3. c4 Bg7 4. Nc3 Nc6 5. d3 e6 6. Bxc6 bxc6 7. f4 d6 8.
Nf3 Ne7 9. Qd2 O-O 10. b3 Nf5 11. Bb2 Nd4 12. Ng1 f6 13. e3 Nf5 14. Nf3 e5
15. O-O-O d5 16. Na4 d4 17. exd4 cxd4 18. Rde1 exf4 19. gxf4 Qd6 20. c5 Qd5
21. Qf2 Rd8 22. Re4 Ba6 23. Qd2 Bb5 24. Kb1 Bxa4 25. bxa4 Qxc5 26. Ka1 Qd5
27. Qd1 Rab8 28. Rhe1 c5 29. Nd2 Ne3 30. Qc1 Rd7 31. Nc4 f5 32. R4xe3 dxe3
33. Bxg7 Kxg7 34. Qxe3 Qxd3 35. Qxd3 Rxd3 36. a5 Rd4 37. Nb2 Kf6 38. Rc1 c4
39. Na4 Rxf4 40. Nc5 Rd4 41. a4 g5 42. a6 Rc8 43. Nb7 Rc6 44. Kb2 Rxa6 45.
Kc3 Rh4 46. Nc5 Rc6 47. Kb4 a6 48. Rc3 Rxh2 49. Kxc4 Rd2 50. a5 g4 51. Kb3
Rcd6 52. Re3 h5 53. Kc3 R2d5 54. Kc4 Re5 55. Rc3 Rc6 56. Kd4 Rcxc5 0-1

[Event "IEWCC"]
[Site "Istanbul TUR"]
[Date "2003.06.07"]
[Round "5"]
[White "Tkeshelashvili,S"]
[Black "Dworakowska,J"]
[Result "1/2-1/2"]
[WhiteElo "2293"]
[BlackElo "2387"]
[EventDate "2003.06.02"]

1. d4 f5 2. Nc3 Nf6 3. Bg5 d5 4. Bxf6 exf6 5. e3 Be6 6. Bd3 Nc6 7. Nge2 Qd7
8. a3 Ne7 9. b4 g6 10. h4 h5 11. Nf4 Bf7 12. Qe2 a6 13. Nb1 Bh6 14. Nd2 O-O
15. g3 Nc8 16. c4 dxc4 17. Bxc4 Bxf4 18. gxf4 Nd6 19. Bxf7+ Qxf7 20. O-O
Kh7 21. Kh2 Rae8 22. Rg1 Re7 23. Rg2 Qd5 24. Qd1 Nf7 25. Qg1 Rg8 26. Rc1
Qa2 27. Nc4 b5 28. f3 Qb3 29. Rb2 Qa4 30. Nd2 Rge8 31. Rc3 a5 32. e4 axb4
33. Rxb4 Qa6 34. e5 Rd8 35. Qc1 fxe5 36. fxe5 Qa7 37. Rc5 Nxe5 38. dxe5
Rxd2+ 39. Kg3 Ra2 40. Rbxb5 Rxa3 41. Rc6 Ra1 42. Qc5 f4+ 43. Kxf4 Rf7+ 44.
Rf6 1/2-1/2

[Event "IEWCC"]
[Site "Istanbul TUR"]
[Date "2003.06.07"]
[Round "5"]
[White "Danielian,E"]
[Black "Gvetadze,S"]
[Result "1-0"]
[WhiteElo "2386"]
[BlackElo "2320"]
[EventDate "2003.06.02"]

1. d4 Nf6 2. Nf3 e6 3. e3 b6 4. Bd3 Bb7 5. O-O Be7 6. c4 c5 7. Nc3 O-O 8.
d5 d6 9. e4 exd5 10. cxd5 a6 11. a4 Qc7 12. Nd2 Nbd7 13. f4 Rfe8 14. Nc4
Bf8 15. Qf3 Rab8 16. Kh1 Rbd8 17. b3 Qb8 18. Bb2 Bc8 19. Rae1 b5 20. Na5
Bb7 21. Nc6 Bxc6 22. dxc6 Nb6 23. Nxb5 Qc8 24. c7 Rd7 25. Bxf6 gxf6 26. e5
dxe5 27. Bf5 Nd5 28. Qg4+ 1-0

[Event "IEWCC"]
[Site "Istanbul TUR"]
[Date "2003.06.07"]
[Round "5"]
[White "Matnadze,A"]
[Black "Mamedjarova,T"]
[Result "1-0"]
[WhiteElo "2386"]
[BlackElo "2222"]
[EventDate "2003.06.02"]

1. d4 c5 2. d5 e5 3. g3 d6 4. Nc3 g6 5. h4 h5 6. e4 Nh6 7. a4 Bg7 8. Bh3
O-O 9. Bxc8 Qxc8 10. Nh3 a6 11. Ng5 Qg4 12. f3 Qxg3+ 13. Kf1 Ng4 14. fxg4
f5 15. exf5 hxg4 16. Ne2 Rxf5+ 17. Bf4 Qe3 18. Ra3 Rxf4+ 19. Nxf4 Qxf4+ 20.
Kg2 Nd7 21. Rf1 Qc4 22. Rc3 Qxa4 23. b3 Qd4 24. Rd3 Qb2 25. Ne4 b5 26. Rd2
c4 27. Qxg4 Nf8 28. h5 cxb3 29. cxb3 Qxb3 30. Rf3 Qc4 31. hxg6 Bh6 32. g7
Nd7 33. Qxd7 Qxe4 34. Qf7+ 1-0

[Event "IEWCC"]
[Site "Istanbul TUR"]
[Date "2003.06.07"]
[Round "5"]
[White "Kovalevskaya,E"]
[Black "Velcheva,M"]
[Result "1-0"]
[WhiteElo "2447"]
[BlackElo "2249"]
[EventDate "2003.06.02"]

1. e4 e5 2. Nf3 Nc6 3. Bb5 f5 4. d3 fxe4 5. dxe4 Nf6 6. O-O Bc5 7. Qe2 d6
8. Qc4 Qe7 9. Be3 Be6 10. Bxc6+ bxc6 11. Qa4 Bxe3 12. Qxc6+ Kf7 13. fxe3
Rhf8 14. Nc3 Kg8 15. b3 Rab8 16. Qa6 Qe8 17. Rad1 Qg6 18. Qd3 Qh6 19. Rd2
Rf7 20. h3 g5 21. Nh2 Qg6 22. g4 Rbf8 23. Rg2 h6 24. Rff2 h5 25. gxh5 Qxh5
26. Qe2 Qh4 27. Nf3 Qh6 28. Nxg5 Kh8 29. Nxe6 Re8 30. Ng5 Rg7 31. Qf3 Rf8
32. Ne6 Rxg2+ 33. Rxg2 Re8 34. Ng7 1-0